Aarderijkskunde kennis quiz - Statistieken

Algemene statistieken
  • Deze quiz is 42 keer genomen
  • De gemiddelde score is 29 van 52
Antwoordstatistieken
Vraag Vak Select % Correct
Duitse hoofdsteden van deelstaten Chemnitz Nee
86%
Hoofdsteden van landen Guatemala-stad Ja
86%
Landen waar een berg op ligt Peru Ja
86%
steden met meer dan een miljoen inwoners Baltimore Nee
82%
Britse steden met meer dan 500.000 inwoners Londen Ja
82%
Hoofdsteden van landen Yangon Nee
82%
Landen waar een berg op ligt Spanje Ja
79%
Hoofdsteden van landen Canberra Ja
75%
steden met meer dan een miljoen inwoners Philadelphia Ja
75%
Hoofdsteden van landen Rio de Janeiro Nee
75%
Landen waar een berg op ligt Belarus Nee
71%
Britse steden met meer dan 500.000 inwoners Bristol Nee
71%
Britse steden met meer dan 500.000 inwoners Cardiff Nee
71%
Hoofdsteden van landen Dar es Salaam Nee
71%
Duitse hoofdsteden van deelstaten Düsseldorf Ja
71%
Duitse hoofdsteden van deelstaten Essen Nee
71%
Britse steden met meer dan 500.000 inwoners Glasgow Ja
71%
Landen waar een berg op ligt Palau Nee
71%
Duitse hoofdsteden van deelstaten Rostock Nee
71%
Hoofdsteden van landen Colombo Nee
64%
Duitse hoofdsteden van deelstaten Lübeck Nee
64%
Landen waar een berg op ligt Moldavië Nee
64%
Landen waar een berg op ligt Nieuw zeeland Ja
64%
Britse steden met meer dan 500.000 inwoners Nottingham Nee
64%
Landen waar een berg op ligt Denemarken Nee
61%
Duitse hoofdsteden van deelstaten Hannover Ja
61%
Duitse hoofdsteden van deelstaten Mainz Ja
61%
Britse steden met meer dan 500.000 inwoners Birmingham Ja
57%
steden met meer dan een miljoen inwoners Dallas Ja
57%
steden met meer dan een miljoen inwoners San Diego Ja
57%
steden met meer dan een miljoen inwoners Austin Nee
54%
Britse steden met meer dan 500.000 inwoners Leicester Nee
54%
Hoofdsteden van landen Libreville Ja
54%
Hoofdsteden van landen Sucre Ja
54%
Hoofdsteden van landen Dubai Nee
50%
steden met meer dan een miljoen inwoners Phoenix Ja
46%
Duitse hoofdsteden van deelstaten Dortmund Nee
43%
Britse steden met meer dan 500.000 inwoners Leeds Nee
43%
Duitse hoofdsteden van deelstaten Potsdam Ja
43%
Landen waar een berg op ligt Uruguay Ja
43%
Duitse hoofdsteden van deelstaten Leipzig Nee
39%
Duitse hoofdsteden van deelstaten Kiel Ja
36%
steden met meer dan een miljoen inwoners Detroit Nee
32%
Britse steden met meer dan 500.000 inwoners Sheffield Ja
32%
Duitse hoofdsteden van deelstaten Frankfurt am Main Nee
29%
Duitse hoofdsteden van deelstaten Schwerin Ja
29%
Duitse hoofdsteden van deelstaten Wiesbaden Ja
29%
Duitse hoofdsteden van deelstaten Keulen Nee
25%
Duitse hoofdsteden van deelstaten Magdeburg Ja
25%
steden met meer dan een miljoen inwoners San Antonio Ja
21%
steden met meer dan een miljoen inwoners San Francisco Nee
14%
Landen waar een berg op ligt Nederland Ja
11%
Geen overeenkomende quizzen gevonden
Scoreverdeling
Procent van Mensen met Elke Score
Percentiel versus Aantal Correcte Antwoorden
Uw Scoregeschiedenis
U heeft deze quiz nog niet genomen